000 00626nam a2200217Ii 4500
003 JO-AjNU
008 230606s9999||||xx |||||||||||||| ||und||
020 _a978-0-0712-6761-8
040 _aJO-AjNU
_beng
_erda
_cJO-AjNU
041 _aeng
050 1 4 _aTA347.F5.R4.2005
100 3 _aReddy,
_eauthor
_94967
245 0 3 _aAn Introduction to Finite Element Method
250 _a3 ed
264 3 1 _aBooston:Mc Graw Hill, 2005
300 _a861p
336 _atext
_btxt
_2rdacontent
337 _aunmediated
_bn
_2rdamedia
338 _avolume
_bnc
_2rdacarrier
650 4 _aAn Introduction to Finite Element Method
_94968
999 _aE2569
_c2567
_d2567